La planeación del desarrollo

Gespeichert in:
Bibliographische Detailangaben
1. Verfasser: Tinbergen, Jan (VerfasserIn)
Format: Buch
Sprache:Spanisch
Veröffentlicht: Ciudad de México Fondo de Cultura Económica 1968
Ausgabe:5a. ed
Schriftenreihe:Sección Obras de Economía
Schlagworte:
Tags: Tag hinzufügen
Keine Tags, Fügen Sie den ersten Tag hinzu!

MARC

LEADER 00000cam a2200000 a 4500
001 UCV3713
003 CL-VaPUC
008 910704e19680000MX |||||||||||||||||spa|d
082 0 4 |a 338.9  |b TIN  |2 21 
100 0 |a Tinbergen, Jan  |e author  |9 298020 
245 1 3 |a La planeación del desarrollo 
250 |a 5a. ed 
300 |a 107 p 
942 |c BK 
945 |d 19910704 00:00:00 
260 |a Ciudad de México  |b Fondo de Cultura Económica  |c 1968 
650 0 |a Desarrollo económico  |9 259599 
583 |a last modification  |c 20131213 03:03:50  |k Rodrigo Vera 
490 0 |a Sección Obras de Economía 
999 |c 210852  |d 210850 
952 |0 0  |1 0  |4 0  |6 338_900000000000000_TIN_1968  |7 0  |8 A  |9 187785  |a BIBALI  |b BIBALI  |d 2019-11-14  |i 2553139  |o 338.9 TIN 1968  |p 2553139  |r 2025-01-20  |w 2019-11-14  |y BK  |k ALI 
952 |0 0  |1 0  |4 0  |6 338_900000000000000_TIN_1968  |7 0  |8 A  |9 187786  |a BIBENE  |b BIBENE  |d 2019-11-14  |i 1998382  |o 338.9 TIN 1968  |p 1998382  |r 2025-01-15  |w 2019-11-14  |y BK  |k ICO 
952 |0 0  |1 0  |3 erb  |4 0  |6 338_900000000000000_TIN_1968  |7 0  |8 A  |9 187787  |a BIBING  |b BIBING  |i 5031648  |o 338.9 TIN 1968  |p 5031648  |r 2025-01-20  |w 2019-11-14  |y BK  |z Catalogado en:20131213  |k GEO